[Event "Tirol-ch"]
[Site "Jenbach"]
[Date "2013.05.31"]
[Round "2"]
[White "Feiersinger, Gerhard"]
[Black "Guseck, Markus"]
[Result "1-0"]
[WhiteElo "1759"]
[BlackElo "1127"]
[PlyCount "125"]
[EventDate "2013.05.30"]
[EventType "swiss"]
[EventRounds "7"]
[EventCountry "AUT"]
[SourceTitle "EXT 2015"]
[Source "ChessBase"]
[SourceDate "2014.11.20"]
[SourceVersion "1"]
[SourceVersionDate "2014.11.20"]
[SourceQuality "1"]

1. e4 c5 2. Nf3 Nc6 3. d4 cxd4 4. Nxd4 Nxd4 5. Qxd4 Qc7 6. Bd3 e5 7. Qe3 Bc5 8. Qg3 g6 9. 0-0 Nf6 10. Nc3 a6 11. Qf3 Qc6 12. Bg5 Be7 13. Rad1 0-0 14. Rfe1 Qe6 15. Bxf6 Bxf6 16. Nd5 Bd8 17. Bc4 Qd6 18. Rd3 b5 19. Bb3 Bb7 20. Ne3 Qb4 21. c3 Qxe4 22. Qxe4 Bxe4 23. Rxd7 Bg5 24. Nd5 Bf5 25. Ne7+ Bxe7 26. Rxe7 e4 27. h3 Rad8 28. Re2 a5 29. g4 Be6 30. Bxe6 fxe6 31. Rxe6 Rd1+ 32. Kg2 Rf4 33. Re5 Ra1 34. a3 b4 35. cxb4 axb4 36. axb4 Ra8 37. R5xe4 Raf8 38. b5 Rf3 39. R4e3 R3f6 40. Rc3 R6f7 41. b6 Rb8 42. Rc6 Rbb7 43. Kg3 g5 44. Re8+ Kg7 45. Rec8 Rbd7 46. Rc4 Kg6 47. R8c7 Rd8 48. Rxf7 Kxf7 49. Rc7+ Ke6 50. Rxh7 Rb8 51. b7 Kd6 52. f4 gxf4+ 53. Kxf4 Kc6 54. h4 Rf8+ 55. Kg5 Kd6 56. Kh6 Ke6 57. g5 Kf5 58. h5 Rg8 59. g6 Kf6 60. Rf7+ Ke6 61. Kh7 Re8 62. Kg7 Rb8 63. h6 1-0

[Event "Tirol-ch"]
[Site "Jenbach"]
[Date "2011.07.07"]
[Round "6"]
[White "Rossmair, Hermann"]
[Black "Feiersinger, Gerhard"]
[Result "0-1"]
[WhiteElo "1463"]
[BlackElo "1783"]
[PlyCount "90"]
[EventDate "2011.07.02"]
[EventType "swiss"]
[EventRounds "7"]
[EventCountry "AUT"]
[SourceTitle "EXT 2024"]
[Source "ChessBase"]
[SourceDate "2023.10.10"]
[SourceVersion "1"]
[SourceVersionDate "2023.10.10"]
[SourceQuality "1"]

1. e4 e5 2. Bc4 Bc5 3. Nf3 d6 4. c3 Nf6 5. d3 0-0 6. Bg5 h6 7. Bh4 Bg4 8. Nbd2 Nc6 9. b4 Bb6 10. a4 a5 11. b5 Nb8 12. Bd5 c6 13. Bxf6 Qxf6 14. bxc6 bxc6 15. Bb3 Na6 16. h3 Bh5 17. 0-0 Rab8 18. Bc2 d5 19. exd5 cxd5 20. Bb3 Qd6 21. c4 Nc5 22. Bc2 Bc7 23. Re1 Rfe8 24. cxd5 Qxd5 25. Qe2 Rb2 26. Rac1 f6 27. Nc4 Rb4 28. Ne3 Qb7 29. Bb1 Bxf3 30. gxf3 Ne6 31. Ba2 Kh8 32. Bd5 Qa7 33. Bxe6 Rxe6 34. Nd5 Bd6 35. Rc8+ Kh7 36. Nxb4 axb4 37. Qa2 Re7 38. Rec1 Qb7 39. Qe2 Qd7 40. Kg2 b3 41. Qe4+ f5 42. Qc4 b2 43. Rb1 Ba3 44. Ra8 Re6 45. a5 Rc6 0-1

[Event "Tirol-ch"]
[Site "Jenbach"]
[Date "2011.07.04"]
[Round "3"]
[White "Feiersinger, Gerhard"]
[Black "Sovago, Philipp"]
[Result "1-0"]
[WhiteElo "1783"]
[BlackElo "1985"]
[PlyCount "101"]
[EventDate "2011.07.02"]
[EventType "swiss"]
[EventRounds "7"]
[EventCountry "AUT"]
[SourceTitle "EXT 2024"]
[Source "ChessBase"]
[SourceDate "2023.10.10"]
[SourceVersion "1"]
[SourceVersionDate "2023.10.10"]
[SourceQuality "1"]

1. e4 c5 2. Nc3 Nc6 3. Nf3 g6 4. Bc4 Bg7 5. 0-0 e6 6. Nb5 d5 7. exd5 exd5 8. Re1+ Nge7 9. Bf1 a6 10. Na3 0-0 11. c3 Nf5 12. Nc2 b5 13. d4 c4 14. Bg5 Qb6 15. g4 Nd6 16. h3 f5 17. Nd2 Ne4 18. Nxe4 fxe4 19. a3 a5 20. Ne3 Be6 21. Bg2 h6 22. Bh4 g5 23. Bg3 Rf7 24. Rf1 Raf8 25. Bd6 Ne7 26. Bc5 Qc7 27. b3 Rf6 28. bxc4 bxc4 29. Rb1 Qd7 30. Rb6 R8f7 31. Qb1 Ng6 32. Qb5 Nf4 33. Qxa5 Nxg2 34. Kxg2 h5 35. Ra6 Qb7 36. Qb6 Qxb6 37. Bxb6 Bxg4 38. Ra8+ Kh7 39. hxg4 Rxb6 40. Nxd5 Re6 41. Rh1 h4 42. Ra1 h3+ 43. Kg1 Bf8 44. Ra2 Kg7 45. Ne3 Rc7 46. Nf5+ Kf7 47. Rc8 Rb7 48. Kh2 Rb3 49. Rc2 Bxa3 50. d5 Reb6 51. Kxh3 1-0

[Event "Tirol-ch"]
[Site "Kramsach"]
[Date "2007.06.26"]
[Round "3.8"]
[White "Feiersinger, Gerhard"]
[Black "Pichler, Walter"]
[Result "1/2-1/2"]
[WhiteElo "1826"]
[BlackElo "1872"]
[PlyCount "106"]
[EventDate "2007.06.24"]
[EventType "swiss"]
[EventRounds "7"]
[EventCountry "AUT"]
[SourceTitle "EXT 2024"]
[Source "ChessBase"]
[SourceDate "2023.10.10"]
[SourceVersion "1"]
[SourceVersionDate "2023.10.10"]
[SourceQuality "1"]

1. e4 c6 2. d4 d5 3. exd5 cxd5 4. Nf3 Nf6 5. c3 g6 6. Nbd2 Bg7 7. Be2 Nc6 8. 0-0 Qc7 9. b3 0-0 10. Bb2 Bf5 11. Re1 Rfe8 12. Bb5 a6 13. Bf1 e5 14. dxe5 Nxe5 15. Nd4 Bg4 16. Qe2 Rac8 17. h3 Bd7 18. Qd1 Nh5 19. N2f3 Nxf3+ 20. Qxf3 Bxd4 21. cxd4 Qd6 22. Rec1 Rxc1 23. Rxc1 Ng7 24. Qc3 Ne6 25. Re1 Rc8 26. Qd2 Kg7 27. g3 Nc7 28. Bc1 Re8 29. Qh6+ Kg8 30. Rxe8+ Nxe8 31. Qe3 Qe6 32. Qc3 Qc6 33. Qd2 Ng7 34. Ba3 Qe6 35. Qb4 Qe8 36. Qxb7 Bb5 37. Qe7 Bxf1 38. Kxf1 Qxe7 39. Bxe7 f5 40. Ke2 Kf7 41. Bg5 Ne6 42. Be3 Ke7 43. Kd3 Kd6 44. h4 h5 45. Kc3 Kc6 46. a4 Kb6 47. Kd3 Kc6 48. Kc3 Kb6 49. Kb4 Nd8 50. Bg5 Ne6 51. Be3 Kb7 52. Ka5 Nd8 53. Kb4 Kb6 1/2-1/2

[Event "Wattens op 15th"]
[Site "Wattens"]
[Date "2000.09.03"]
[Round "9"]
[White "Feiersinger, Gerhard"]
[Black "Oreskovic, Andelko"]
[Result "1-0"]
[WhiteElo "1846"]
[BlackElo "1671"]
[PlyCount "45"]
[EventDate "2000.08.26"]
[EventType "swiss"]
[EventRounds "9"]
[EventCountry "AUT"]
[SourceTitle "EXT 2001"]
[Source "ChessBase"]
[SourceDate "2000.11.22"]
[SourceVersion "1"]
[SourceVersionDate "2000.11.22"]
[SourceQuality "1"]

1. e4 e6 2. d4 d5 3. exd5 exd5 4. Nc3 Bb4 5. Bd2 Nf6 6. Bd3 0-0 7. Nge2 Nc6 8. 0-0 Bg4 9. f3 Bh5 10. Na4 Bxd2 11. Qxd2 Bg6 12. Nc5 Rb8 13. Bxg6 hxg6 14. Rfe1 Qd6 15. c3 Nd7 16. Nd3 Rfe8 17. Qf4 Qxf4 18. Nexf4 Nb6 19. Nc5 Rxe1+ 20. Rxe1 Kf8 21. Kf2 Ne7 22. a4 Nc4 23. Nd7+ 1-0

[Event "Wattens op 15th"]
[Site "Wattens"]
[Date "2000.08.29"]
[Round "4"]
[White "Fuchs, Thomas"]
[Black "Feiersinger, Gerhard"]
[Result "1-0"]
[WhiteElo "1579"]
[BlackElo "1846"]
[PlyCount "121"]
[EventDate "2000.08.26"]
[EventType "swiss"]
[EventRounds "9"]
[EventCountry "AUT"]
[SourceTitle "EXT 2001"]
[Source "ChessBase"]
[SourceDate "2000.11.22"]
[SourceVersion "1"]
[SourceVersionDate "2000.11.22"]
[SourceQuality "1"]

1. e4 e5 2. Nf3 Nc6 3. Bc4 Bc5 4. Nc3 Nf6 5. d3 0-0 6. Bg5 Be7 7. Qd2 d6 8. 0-0-0 Na5 9. Bb3 Nxb3+ 10. axb3 c6 11. h3 b5 12. d4 b4 13. Na4 Nxe4 14. Bxe7 Nxd2 15. Bxd8 Nxf3 16. Be7 Nxd4 17. Bxf8 Kxf8 18. c3 bxc3 19. bxc3 Nb5 20. Rhe1 Be6 21. Kb2 Ke7 22. Ra1 f6 23. c4 Nc7 24. Nc3 a6 25. Ne4 h6 26. Red1 d5 27. Nc5 Bc8 28. Rd2 Rb8 29. cxd5 Nxd5 30. Nxa6 Rb5 31. Rc2 Kd6 32. Rac1 Bd7 33. Nc5 Be8 34. Ne4+ Ke6 35. Nc3 Rc5 36. Nxd5 Rxc2+ 37. Rxc2 Kxd5 38. Rd2+ Ke6 39. Kc3 g5 40. Rd8 Ke7 41. Ra8 h5 42. Ra7+ Bd7 43. Kd3 Kd6 44. b4 g4 45. h4 f5 46. Ra8 Ke7 47. Rh8 Be8 48. Kc4 f4 49. Kc5 e4 50. Kd4 e3 51. fxe3 f3 52. gxf3 gxf3 53. Kd3 Bg6+ 54. Kd2 Ke6 55. Rh6 Kf7 56. Rxg6 Kxg6 57. e4 Kf6 58. Ke3 Ke5 59. Kxf3 Kd4 60. Kf4 Kc4 61. e5 1-0

[Event "Wattens op 15th"]
[Site "Wattens"]
[Date "2000.08.26"]
[Round "1"]
[White "Feiersinger, Gerhard"]
[Black "Kotan, Ladislav"]
[Result "0-1"]
[WhiteElo "1846"]
[BlackElo "2434"]
[PlyCount "38"]
[EventDate "2000.08.26"]
[EventType "swiss"]
[EventRounds "9"]
[EventCountry "AUT"]
[SourceTitle "EXT 2001"]
[Source "ChessBase"]
[SourceDate "2000.11.22"]
[SourceVersion "1"]
[SourceVersionDate "2000.11.22"]
[SourceQuality "1"]

1. e4 e5 2. Nf3 Nc6 3. Nc3 g6 4. d4 exd4 5. Nxd4 Bg7 6. Nxc6 bxc6 7. Qf3 Qe7 8. Nd1 d5 9. Bd3 f5 10. Qe2 fxe4 11. Ba6 Bd7 12. 0-0 Nf6 13. Bf4 0-0 14. c4 d4 15. Bxc7 Bg4 16. f3 Qxc7 17. fxg4 d3 18. Qe3 Nxg4 19. Qh3 Bd4+ 0-1

[Event "Wattens op 14th"]
[Site "Wattens"]
[Date "1999.??.??"]
[Round "1"]
[White "Feiersinger, Gerhard"]
[Black "Wach, Markus"]
[Result "0-1"]
[WhiteElo "1785"]
[BlackElo "2395"]
[PlyCount "76"]
[EventDate "1999.??.??"]
[EventType "swiss"]
[EventRounds "9"]
[EventCountry "AUT"]
[SourceTitle "EXT 2001"]
[Source "ChessBase"]
[SourceDate "2000.11.22"]
[SourceVersion "1"]
[SourceVersionDate "2000.11.22"]
[SourceQuality "1"]

1. e4 c5 2. Nf3 d6 3. Nc3 a6 4. h3 Nf6 5. d3 Nc6 6. Bd2 b5 7. Nd5 Nd7 8. Be2 e6 9. Ne3 Be7 10. 0-0 0-0 11. c3 Nde5 12. Nxe5 dxe5 13. Qc2 Bb7 14. Rad1 Rc8 15. Qb1 Bd6 16. Nc2 Ne7 17. Bg5 f6 18. Be3 Ng6 19. a3 Qc7 20. Bg4 f5 21. Bf3 Nh4 22. Ne1 Nxf3+ 23. Nxf3 h6 24. Ne1 c4 25. f3 cxd3 26. exf5 exf5 27. Nxd3 e4 28. Ne1 Bh2+ 29. Kh1 f4 30. Bd4 e3 31. Qc2 Bg3 32. Nd3 Rf5 33. Qb3+ Bd5 34. Qc2 Qf7 35. Rb1 Bb3 36. Qe2 Rh5 37. Ne5 Rxe5 38. Bxe5 Qf5 0-1

[Event "Wattens op 13th"]
[Site "Wattens"]
[Date "1998.??.??"]
[Round "3"]
[White "Feiersinger, Gerhard"]
[Black "Niedermayer, Anton"]
[Result "1/2-1/2"]
[WhiteElo "1725"]
[BlackElo "2160"]
[PlyCount "56"]
[EventDate "1998.??.??"]
[EventType "swiss"]
[EventRounds "9"]
[EventCountry "AUT"]
[SourceTitle "EXT 2000"]
[Source "ChessBase"]
[SourceDate "1999.11.16"]
[SourceVersion "1"]
[SourceVersionDate "1999.11.16"]
[SourceQuality "1"]

1. e4 c6 2. Bc4 d5 3. exd5 cxd5 4. Bb5+ Bd7 5. Qe2 Nc6 6. Nf3 Nf6 7. 0-0 g6 8. d4 Bg7 9. c3 0-0 10. Bd3 Qc7 11. h3 Nh5 12. Re1 Nf4 13. Bxf4 Qxf4 14. Qd2 Qc7 15. Na3 a6 16. Nc2 Rae8 17. Ne3 Qd6 18. Re2 b5 19. a3 Na5 20. Rae1 Nc4 21. Nxc4 dxc4 22. Bc2 Bc6 23. Be4 e6 24. Bxc6 Qxc6 25. Qf4 Qd5 26. Ne5 Bxe5 27. Rxe5 Qd6 28. Qf6 Qd8 1/2-1/2

[Event "Seefeld op 08th"]
[Site "Seefeld"]
[Date "1997.??.??"]
[Round "?"]
[White "Aufmwasser, Guenter"]
[Black "Feiersinger, Gerhard"]
[Result "1-0"]
[WhiteElo "1800"]
[BlackElo "1695"]
[PlyCount "41"]
[EventDate "1997.09.??"]
[EventType "swiss"]
[EventRounds "9"]
[EventCountry "AUT"]
[SourceTitle "EXT 2000"]
[Source "ChessBase"]
[SourceDate "1999.11.16"]
[SourceVersion "1"]
[SourceVersionDate "1999.11.16"]
[SourceQuality "1"]

1. f4 Nc6 2. e3 b6 3. Nf3 Bb7 4. b3 e6 5. Bb2 Nf6 6. Be2 Bc5 7. 0-0 d5 8. a3 a5 9. h3 d4 10. Bb5 dxe3 11. d4 Bd6 12. Ne5 Bxe5 13. fxe5 Nd7 14. Qf3 0-0 15. Bxc6 Bxc6 16. Qxc6 e2 17. Re1 Nxe5 18. dxe5 Qg5 19. Rxe2 Rad8 20. Nc3 Qh4 21. Qe4 1-0

[Event "Seefeld op 08th"]
[Site "Seefeld"]
[Date "1997.??.??"]
[Round "?"]
[White "Feiersinger, Gerhard"]
[Black "Marzluf, Dieter"]
[Result "1/2-1/2"]
[WhiteElo "1690"]
[BlackElo "1770"]
[PlyCount "107"]
[EventDate "1997.09.??"]
[EventType "swiss"]
[EventRounds "9"]
[EventCountry "AUT"]
[SourceTitle "EXT 2000"]
[Source "ChessBase"]
[SourceDate "1999.11.16"]
[SourceVersion "1"]
[SourceVersionDate "1999.11.16"]
[SourceQuality "1"]

1. e4 e6 2. d4 d5 3. exd5 exd5 4. Nf3 Nf6 5. Bd3 Be7 6. h3 Nbd7 7. 0-0 0-0 8. Nc3 c6 9. Re1 Re8 10. Bg5 h6 11. Bh4 Nf8 12. Ne5 Ne6 13. Ne2 Qb6 14. b3 g5 15. Bg3 Kg7 16. c3 c5 17. Bc2 cxd4 18. Nxd4 Nxd4 19. cxd4 Be6 20. Qd3 Rac8 21. Rad1 Bb4 22. Re3 Rc3 23. Qe2 Rec8 24. Rxc3 Bxc3 25. Nf3 Bb4 26. Bb1 Bd6 27. Be5 Qc7 28. Bxf6+ Kxf6 29. Qd3 Qd8 30. Re1 Qg8 31. Ne5 Ke7 32. Ng4 Qg7 33. Ne3 Kf8 34. Nf5 Bxf5 35. Qxf5 Rd8 36. Qg4 Qf6 37. g3 Bb4 38. Rc1 Ba5 39. Rc8 Rxc8 40. Qxc8+ Kg7 41. Qf5 Qxf5 42. Bxf5 Bc3 43. Bc8 b6 44. Bb7 Bxd4 45. Bxd5 f6 46. Kg2 Kf8 47. f4 Ke7 48. fxg5 hxg5 49. Kf3 Kd6 50. Bf7 Ke5 51. h4 gxh4 52. gxh4 Bb2 53. a4 Bc1 54. h5 1/2-1/2

[Event "Wattens op 11th"]
[Site "Wattens"]
[Date "1996.??.??"]
[Round "4"]
[White "Hillgarter, Erik"]
[Black "Feiersinger, Gerhard"]
[Result "1-0"]
[WhiteElo "1795"]
[BlackElo "1690"]
[PlyCount "83"]
[EventDate "1996.??.??"]
[EventType "swiss"]
[EventRounds "9"]
[EventCountry "AUT"]
[SourceTitle "EXT 2000"]
[Source "ChessBase"]
[SourceDate "1999.11.16"]
[SourceVersion "1"]
[SourceVersionDate "1999.11.16"]
[SourceQuality "1"]

1. e4 e5 2. Nf3 Nc6 3. Nc3 Nf6 4. Bb5 d6 5. d4 exd4 6. Nxd4 Bd7 7. Bxc6 bxc6 8. 0-0 Be7 9. Qf3 Ng4 10. Nxc6 Nxh2 11. Qxf7+ Kxf7 12. Nxd8+ Rhxd8 13. Kxh2 c6 14. b3 Rab8 15. Bb2 Bg4 16. f3 Be6 17. Rad1 d5 18. exd5 cxd5 19. Ne2 Bd6+ 20. Kh1 Bc7 21. Nd4 Bc8 22. Nc6 Rd6 23. Nxb8 Bxb8 24. Rfe1 a5 25. Be5 Rh6+ 26. Kg1 Ba7+ 27. Bd4 Bb8 28. Be5 Ba7+ 29. Bd4 Bb8 30. Kf2 Rg6 31. Be5 Ba7+ 32. Bd4 Bb8 33. Be5 Ba7+ 34. Bd4 Bb8 35. Kg1 Rh6 36. c3 Ba6 37. Bc5 Rh5 38. Re7+ Kf6 39. Rde1 Bc8 40. Bd4+ Kg6 41. Rxg7+ Kh6 42. Ree7 1-0

[Event "Wattens op 09th"]
[Site "Wattens"]
[Date "1994.??.??"]
[Round "8"]
[White "Feiersinger, Gerhard"]
[Black "Kuba, Guenter"]
[Result "1/2-1/2"]
[WhiteElo "1690"]
[BlackElo "1980"]
[PlyCount "71"]
[EventDate "1994.??.??"]
[EventType "swiss"]
[EventRounds "9"]
[EventCountry "AUT"]
[SourceTitle "EXT 2000"]
[Source "ChessBase"]
[SourceDate "1999.11.16"]
[SourceVersion "1"]
[SourceVersionDate "1999.11.16"]
[SourceQuality "1"]

1. e4 e5 2. Nf3 Nc6 3. d4 exd4 4. Nxd4 Bc5 5. Nxc6 Qf6 6. Qe2 dxc6 7. Nc3 Be6 8. Bd2 0-0-0 9. f3 Ne7 10. 0-0-0 Ng6 11. a3 Ne5 12. Qe1 Rd7 13. Be3 Qe7 14. Rxd7 Nxd7 15. Bxc5 Qxc5 16. Kb1 Ne5 17. Be2 Bc4 18. f4 Bxe2 19. Qxe2 Nd7 20. Rd1 Qe7 21. Qe3 Nb6 22. Qd4 f6 23. g4 h5 24. h3 hxg4 25. hxg4 Rh4 26. Rg1 Qd6 27. Qf2 Rh3 28. Rd1 Qe7 29. g5 Kb8 30. gxf6 gxf6 31. Qd4 Rh8 32. a4 Re8 33. a5 Nc8 34. Qd7 Qxd7 35. Rxd7 Nd6 36. Rh7 1/2-1/2